مهارة الاستماع و كيفية تنميتها فى متعلمى اللغة العربية الناطقين بغيرها : دراسة تحليلية وصفية
Saved in:
| 主要作者: | |
|---|---|
| 其他作者: | |
| 格式: | Thesis |
| 語言: | Arabic |
| 出版: |
خرطوم
: معهد خرطوم دولى غة عربية،
1988
|
| 主題: | |
| 標簽: |
添加標簽
沒有標簽, 成為第一個標記此記錄!
|
| LEADER | 012620000a22002770004500 | ||
|---|---|---|---|
| 001 | 89074 | ||
| 005 | 20021114231200.0 | ||
| 008 | 940201s1988 ara | ||
| 035 | |a 295393 | ||
| 035 | |a (Sirsi) 89074 | ||
| 040 | |a UIAM |b eng | ||
| 049 | |b m | ||
| 050 | |a PJ6122 | ||
| 100 | 1 | |a جبريل، محمد منير | |
| 245 | 1 | 0 | |a مهارة الاستماع و كيفية تنميتها فى متعلمى اللغة العربية الناطقين بغيرها : |b دراسة تحليلية وصفية |
| 246 | 0 | 0 | |a Maharat al-istima' wa-kayfiyat tanmiyatiha fi muta'allimi al-lughah al-'Arabiyah al-natiqin bi-ghayriha :dirasah tahliliyah wasfiyah / |c i'dad Muhammad al-Munir Jibril; ishraf 'Abd al-Rahman 'Abd Allah Khanji |
| 260 | 1 | |a خرطوم |b : معهد خرطوم دولى غة عربية، |c 1988 | |
| 300 | |a 78 p. | ||
| 502 | |a (M.A.)--Ma'had al-Khurtum al-Dawli lil-Lughat al-'Arabiyah, 1988 | ||
| 596 | |a 1 | ||
| 650 | 0 | |a Arabic language |x Phonetics Study and teaching Foreign speakers | |
| 655 | 0 | 7 | |a Theses, non-IIUM |
| 700 | 1 | |a Jibril, Muhammad al-Munir | |
| 900 | |a khs-abu-naw | ||
| 999 | |c 430585 |d 462076 | ||
| 952 | |0 0 |6 T PJ 006122 J61M |7 0 |8 THESES |9 749855 |a IIUM |b IIUM |c MULTIMEDIA |g 0.00 |o t PJ6122J61M |p 00000295394 |r 2017-10-20 |t 1 |v 0.00 |y THESIS | ||
